Editing and design. V 5. Newspaper design (Record no. 25484)

MARC details
000 -LEADER
fixed length control field 00285nam a2200109Ia 4500
082 ## - DEWEY DECIMAL CLASSIFICATION NUMBER
Classification number 070.41
Item number EVA.5
100 ## - MAIN ENTRY--AUTHOR NAME
Personal name Evans, Harold
245 #0 - TITLE STATEMENT
Title Editing and design. V 5. Newspaper design
260 ## - PUBLICATION, DISTRIBUTION, ETC. (IMPRINT)
Place of publication London
Name of publisher Heinemann
Year of publication 1973
942 ## - ADDED ENTRY ELEMENTS (KOHA)
Koha item type Books
Holdings
Withdrawn status Lost status Damaged status Not for loan Home library Current library Date acquired Cost, normal purchase price Full call number Accession Number Koha item type
        RRII Library RRII Library 16/12/2021 4.90 070.41 EVA.5 06141 Books